Cesta šamana. Kniha 2., Kartosský gambit /
Druhá kniha ruské fantasy série z Barliony - virtuálního světa narvaného k prasknutí monstry, bitvami a samozřejmě hráči.
Uloženo v:
| Série: | Cesta šamana,
část 2 |
|---|---|
| Hlavní autor: | |
| Další autoři: | |
| Médium: | E-kniha |
| Jazyk: | Czech |
| Vydáno: |
Ostrava :
Fantom Print,
2018
|
| Vydání: | 1. vydání |
| Témata: | |
| Příbuzné jednotky: | Název anglické verze::
Kartoss gambit Z cyklu:: Cesta šamana |
| Tagy: |
Žádné tagy |
| LEADER | 03011nam a2200481 i 4500 | ||
|---|---|---|---|
| 001 | 310902 | ||
| 003 | CZ PrSKC | ||
| 005 | 20260601215656.0 | ||
| 007 | ta | ||
| 008 | 180524s2018 xr g 000 f cze | ||
| 015 | |a cnb002998509 | ||
| 020 | |a 9788075940087 |q (brožováno) | ||
| 035 | |a (OCoLC)1015192059 | ||
| 035 | |a (OCoLC)1048454512 | ||
| 040 | |a BOA001 |b cze |e rda | ||
| 041 | 1 | |a cze |k eng |h rus | |
| 072 | 7 | |a 821.161.1 |x Ruská literatura, rusky psaná |2 Konspekt | |
| 080 | |a 821.161.1-31 |2 MRF | ||
| 080 | |a (0:82-311.9) |2 MRF | ||
| 100 | 1 | |a Machanenko, Vasilij Michajlovič, |d 1981- |7 xx0216035 |4 aut | |
| 240 | 1 | 0 | |a Gambit Kartosa. |l Česky |
| 245 | 1 | 0 | |a Cesta šamana. |n Kniha 2., |p Kartosský gambit / |c V. Mahaněnko ; překlad Martin Kapalka |
| 246 | 3 | 0 | |a Kartosský gambit |
| 250 | |a 1. vydání | ||
| 264 | 1 | |a Ostrava : |b Fantom Print, |c 2018 | |
| 300 | |a 319 stran ; |c 21 cm | ||
| 336 | |a text |b txt |2 rdacontent | ||
| 337 | |a bez média |b n |2 rdamedia | ||
| 338 | |a svazek |b nc |2 rdacarrier | ||
| 500 | |a Přeloženo z anglické verze ruského originálu | ||
| 520 | 2 | |a Druhá kniha ruské fantasy série z Barliony - virtuálního světa narvaného k prasknutí monstry, bitvami a samozřejmě hráči. |b Odsouzený hacker Mahan se po odpracování první části svého trestu v barlionských dolech dostává do hlavního herního světa a konečně může se svou postavou šamana plnit úkoly v naději, že vydělá dost virtuálních peněz na své velmi reálné propuštění. S nepopulární třídou postavy i povoláním klenotníka jsou ale nové začátky těžší, než se zdají. Zdánlivě nezajímavá zapadlá vesnička ukrývá podezřele silná monstra i další indicie k sestavení legendární Karmadontovy šachovnice. A zatímco se velké hráčské frakce pokouší urvat co nejvíc prestiže a vzácných předmětů, Mahan zjišťuje, že se celý herní svět Barliony mění od základů: dlouho udržovaná rovnováha „dobrého“ a „temného“ císařství se hroutí, na scénu nastupují nové scénáře i herní mechanismy a NPC se nechovají jako pouhá NPC. Zdá se, že Korporace na své hráče chystá něco velkého... Nakladatelská anotace. | |
| 655 | 7 | |a ruské romány |7 fd133320 |2 czenas | |
| 655 | 7 | |a vědecko-fantastické romány |7 fd133847 |2 czenas | |
| 655 | 9 | |a Russian fiction |2 eczenas | |
| 655 | 9 | |a science fiction novels |2 eczenas | |
| 700 | 1 | |a Kapalka, Martin, |d 1988- |7 kv2017964132 |4 trl | |
| 765 | 0 | 8 | |i Název anglické verze: |t Kartoss gambit |
| 787 | 0 | 8 | |i Z cyklu: |t Cesta šamana |g 2 |
| 900 | |a ABA001 |b 21 | ||
| 044 | |a xr | ||
| 910 | |a RBIT002 | ||
| 998 | |d 178416 |a https://core.palmknihy.cz/api/books/178416/cover?p92kju |b https://core.palmknihy.cz/api/books/178416/cover/400?p92kju |c https://core.palmknihy.cz/api/books/178416/cover/50?p92kju |e 2026-08-04 |g 320 |i 9788075940087 |j https://core.palmknihy.cz/api/books/178416/preview.epub |l |q 49 |r 1 |s https://www.palmknihy.cz/kniha/178416 |t ebook |y 2018 |z 0 |v Cesta šamana |w 2 | ||
| 999 | |d 310900 | ||